Johann Strauss Bittet Zum Ball (Record n. 104003)

Dettagli MARC
000 -LEADER
fixed length control field 01163njm a2200289Ia 4500
001 - CONTROL NUMBER
control field 24341
003 - CONTROL NUMBER IDENTIFIER
control field IT-RoPAU
005 - DATE AND TIME OF LATEST TRANSACTION
control field 20220918181216.0
008 - FIXED-LENGTH DATA ELEMENTS--GENERAL INFORMATION
fixed length control field 131025s9999 xx 000 0 und d
040 ## - CATALOGING SOURCE
Original cataloging agency IT-RoPAU
040 ## - CATALOGING SOURCE
Transcribing agency IT-RoPAU
999 ## - SYSTEM CONTROL NUMBERS (KOHA)
Koha Dewey Subclass [OBSOLETE] n.d.
100 ## - MAIN ENTRY--PERSONAL NAME
Personal name Strauss Johann Jr.
9 (RLIN) 5717
100 ## - MAIN ENTRY--PERSONAL NAME
Relator term Autore musica
9 (RLIN) 10285
100 ## - MAIN ENTRY--PERSONAL NAME
Miscellaneous information Codice autore musica SPICS: 11164
9 (RLIN) 5719
245 ## - TITLE STATEMENT
Title Johann Strauss Bittet Zum Ball
250 ## - EDITION STATEMENT
Edition statement 1a ed.
260 ## - PUBLICATION, DISTRIBUTION, ETC. (IMPRINT)
Place of publication, distribution, etc. GERMANY
260 ## - PUBLICATION, DISTRIBUTION, ETC. (IMPRINT)
Name of publisher, distributor, etc. BASF
Date of publication, distribution, etc. 1973 [1a Ed.:1973]
300 ## - PHYSICAL DESCRIPTION
Extent DISCO
300 ## - PHYSICAL DESCRIPTION
Dimensions 85 minuti (Testo: pag.)
500 ## - GENERAL NOTE
General note Musica classica. Polka francese, valzer, marcia.
505 ## - FORMATTED CONTENTS NOTE
Formatted contents note Hofballtanze op.298 - Harmonie polka francaise - Damenspende - Debut quadrille - Ballstrausschen - Fest marsch - Burgerball polka - Auroraball polka francaise - Juristenball tanze - Juristenball polka - Rathausball tanze - Aesculap polka - Aurora polka - Architecten ball tanze - Armenball polka - Hopser polka - Gambrinus tanze - Figaro polka.
511 ## - PARTICIPANT OR PERFORMER NOTE
Participant or performer note Die Berliner Symphoniker diretti da Stolz Robert
650 ## - SUBJECT ADDED ENTRY--TOPICAL TERM
Topical term or geographic name as entry element WALZER [DISCHI]
Relator term Codice MATERIA SPICS: 9950
9 (RLIN) 10286
942 ## - ADDED ENTRY ELEMENTS (KOHA)
Koha item type DISCHI
Source of classification or shelving scheme Dewey Decimal Classification
Dati di copia
Withdrawn status Lost status Damaged status Not for loan Home library Current library Date acquired Total Checkouts Full call number Date last seen Price effective from Koha item type Public note
    Buone Condizioni Not For Loan SPICS-MEDIATECA SPICS-MEDIATECA 25/10/2013   24341 25/10/2013 25/10/2013 DISCHI Progr. Ins.: 5186 / N.Vol.: 2 / Copie: 1 - Copia rara: n.d. / date import: 01.01.2014 - By Epidotti, Trombetti, Vaglietti
CREDITS: SOCIETA' SAN PAOLO Via A.Severo, 58 - ROMA (RM) & PERIODICI SAN PAOLO SRL Via Giotto, 36 MILANO & CISF Via Giotto, 36 MILANO & EDIZIONI SAN PAOLO SRL,  Piazza Soncino, 5 CINISELLO BALSAMO (MI) -- ITALY